Подробности
| 000 -МАРКЕР |
| контрольное поле |
01710nam0a22003491 4500 |
| 001 - ИДЕНТИФИКАТОР ЗАПИСИ |
| контрольное поле |
RU\NLR\A1SV\6389 |
| 005 - ИДЕНТИФИКАТОР ВЕРСИИ |
| контрольное поле |
20251203171251.9 |
| 035 ## - ДРУГИЕ СИСТЕМНЫЕ НОМЕРА |
| Идентификатор записи |
(NLR Aleph) 009691929 |
| 100 ## - ДАННЫЕ ОБЩЕЙ ОБРАБОТКИ |
| Данные общей обработки |
19990415d1923 u y0rusy50 ca |
| 101 0# - ЯЗЫК РЕСУРСА |
| Язык текста, звукозаписи и т.д. |
русский |
| 102 ## - СТРАНА ПУБЛИКАЦИИ ИЛИ ПРОИЗВОДСТВА |
| Страна публикации |
российская федерация |
| 200 1# - ЗАГЛАВИЕ И СВЕДЕНИЯ ОБ ОТВЕТСТВЕННОСТИ |
| Основное заглавие |
Эпидемический энцефалит, его симптоматология и клиническая картина |
| Сведения, относящиеся к заглавию |
С прил. ст.: Д-ра J.Kayser-Petersen'a: "История, клиника и эпидемиология эпидемического энцефалита". Д-ра A.Schnabel'я: "Этиология эпидемического энцефалита". Д-ра H.Higier'а: "К дифференциальной диагностике острого и хронического спорадического и эпидемического энцефалита" |
| Первые сведения об ответственности |
Проф. М.И.Аствацатуров |
| 210 ## - ПУБЛИКАЦИЯ, РАСПРОСТРАНЕНИЕ И ДР. |
| Место издания, распространения и т.д. |
Пг. |
| Имя издателя, распространителя и т. д. |
Практ. медицина |
| Дата издания, распространения и т.д. |
1923 |
| 215 ## - ФИЗИЧЕСКАЯ ХАРАКТЕРИСТИКА |
| Специфическое обозначение материала и объем |
48 с. |
| Размеры |
28 см |
| 620 ## - МЕСТО И ДАТА ПУБЛИКАЦИИ, ИСПОЛНЕНИЯ И Т. Д. |
| Город |
Санкт-Петербург |
| 700 #1 - ИМЯ ЛИЦА - ПЕРВИЧНАЯ ОТВЕТСТВЕННОСТЬ |
| Начальный элемент ввода |
Аствацатуров |
| Часть имени, кроме начального элемента ввода |
М.И. |
| Даты |
1877-1936 |
| Расширение инициалов личного имени |
Михаил Иванович |
| Код отношения |
Автор |
| 702 #1 - ИМЯ ЛИЦА - ВТОРИЧНАЯ ОТВЕТСТВЕННОСТЬ |
| Связь между полями |
z01790 |
| Начальный элемент ввода |
Кайзер-Петерсен |
| Часть имени, кроме начального элемента ввода |
Ю.Э. |
| Даты |
1886- |
| Расширение инициалов личного имени |
Юлиус Эмиль |
| Код отношения |
Автор |
| 702 #1 - ИМЯ ЛИЦА - ВТОРИЧНАЯ ОТВЕТСТВЕННОСТЬ |
| Связь между полями |
z02790 |
| Начальный элемент ввода |
Шнабель |
| Часть имени, кроме начального элемента ввода |
А. |
| Код отношения |
Автор |
| 702 #1 - ИМЯ ЛИЦА - ВТОРИЧНАЯ ОТВЕТСТВЕННОСТЬ |
| Связь между полями |
z03790 |
| Начальный элемент ввода |
Хигиер |
| Часть имени, кроме начального элемента ввода |
Г. |
| Расширение инициалов личного имени |
Генрих |
| Код отношения |
Автор |
| 790 #1 - ИМЯ ЛИЦА - АЛЬТЕРНАТИВНАЯ ФОРМА |
| Связь между полями |
z01702 |
| Начальный элемент ввода |
Kayser-Petersen |
| Часть имени, кроме начального элемента ввода |
J. |
| Код отношения |
Автор |
| 790 #1 - ИМЯ ЛИЦА - АЛЬТЕРНАТИВНАЯ ФОРМА |
| Связь между полями |
z02702 |
| Начальный элемент ввода |
Schnabel |
| Часть имени, кроме начального элемента ввода |
A. |
| Код отношения |
Автор |
| 790 #1 - ИМЯ ЛИЦА - АЛЬТЕРНАТИВНАЯ ФОРМА |
| Связь между полями |
z03702 |
| Начальный элемент ввода |
Higier |
| Часть имени, кроме начального элемента ввода |
H. |
| Код отношения |
Автор |
| 801 #0 - ИСТОЧНИК ЗАПИСИ |
| Страна |
российская федерация |
| Организация |
NLR |
| Дата составления |
19990415 |
| 899 ## - ДАННЫЕ О МЕСТОНАХОЖДЕНИИ (устаревшее) |
| Местонахождение |
РНБ |
| Шифр хранения |
59-8/358 |
| 899 ## - ДАННЫЕ О МЕСТОНАХОЖДЕНИИ (устаревшее) |
| Местонахождение |
РГБ |
| 899 ## - ДАННЫЕ О МЕСТОНАХОЖДЕНИИ (устаревшее) |
| Местонахождение |
ОренбургОУНБ |
| 942 ## - ДОПОЛНИТЕЛЬНЫЕ ЭЛЕМЕНТЫ ЗАПИСИ (АБИС) |
| Тип экземпляра АБИС |
Книга |
| 980 ## - КОЛЛЕКЦИЯ |
| Название коллекции |
Национальная библиография |
| 980 ## - КОЛЛЕКЦИЯ |
| Название коллекции |
Международный сводный каталог русской книги (1918-1926) |
| 980 ## - КОЛЛЕКЦИЯ |
| Название коллекции |
Международный сводный каталог русской книги (1918-1926) |